V. I. Lenin i KPSS o socialističeskom preobrazovanii sel'skogo chozjajstva (Titelsatznr. 19951)
[ MARC ]
| 000 -Satzkennung | |
|---|---|
| Kontrollfeld mit fester Länge | 00751nam a22002651c 4500 |
| 001 - Kontrollnummer | |
| Kontrollfeld | a987665783 |
| 008 - Feld mit fester Länge zur physischen Beschreibung - Allgemeine Angaben | |
| Kontrollfeld mit fester Länge | 100419s1971 gw |||| 000u rus d |
| 041 ## - Sprachcode | |
| Sprachcode des Textes/der Tonspur oder des separaten Titels | rus |
| 040 ## - Katalogisierungsquelle | |
| Übertragungsstelle | RU-10907106 |
| 003 - Kontrollnummer Identifier | |
| Kontrollfeld | RU-10907106 |
| 100 1# - Haupteintragung - Personenname | |
| Personenname | Lenin, Valdimir I. |
| 245 00 - Titel | |
| Titel | V. I. Lenin i KPSS o socialističeskom preobrazovanii sel'skogo chozjajstva |
| 246 10 - Titelvarianten | |
| Hauptsachtitel/Kurztitel | Lenin i KPSS o socialističeskom preobrazovanii sel'skogo chozjajstva |
| 264 ## - Produktion, Veröffentlichung, Distribution, Herstellung und Urheberrechtsvermerk | |
| Herstellungs-, Veröffentlichungs- Vertriebs-, Erzeugungsort | Moskva : |
| Produzent, Herausgeber, Distributor, Hersteller | Politizdat, |
| Datum der Herstellung, der Veröffentlichung, des Vertriebs oder des Urheberschutzvermerks | 1971 |
| 300 ## - Physische Beschreibung | |
| Umfang | 645 S. |
| 650 #0 - Nebeneintragung unter einem Schlagwort - Sachschlagwort | |
| Sachschlagwort oder geografischer Name als Eintragungselement | Marxismus-Leninismus |
| 650 #0 - Nebeneintragung unter einem Schlagwort - Sachschlagwort | |
| Sachschlagwort oder geografischer Name als Eintragungselement | Landwirtschaft |
| 650 #0 - Nebeneintragung unter einem Schlagwort - Sachschlagwort | |
| Sachschlagwort oder geografischer Name als Eintragungselement | Bauern |
| 650 #0 - Nebeneintragung unter einem Schlagwort - Sachschlagwort | |
| Sachschlagwort oder geografischer Name als Eintragungselement | Kolchose |
| 650 #0 - Nebeneintragung unter einem Schlagwort - Sachschlagwort | |
| Sachschlagwort oder geografischer Name als Eintragungselement | Kollektivierung |
| 650 #0 - Nebeneintragung unter einem Schlagwort - Sachschlagwort | |
| Sachschlagwort oder geografischer Name als Eintragungselement | Kulaken |
| 655 #0 - Indexierungsterm - Genre/Form | |
| Genre/Form oder fokussierter Term | |
| 700 1# - Nebeneintragung - Personenname | |
| Personenname | Golikov, V. A. |
| Funktionsbezeichnung | HerausgeberIn |
| 942 ## - Zusätzliche Felder (Koha) | |
| Koha-Medientyp | Monographien |
| Ausgeschieden | Verloren | Klassifikation oder Aufstellungssystematik | Beschädigt | Nicht entleihbar | Heimatbibliothek | Aufenthaltsbibliothek | Aufstellungsort | Erwerbungsdatum | Inventarnummer | Signatur | Barcode | Letzte Aktivität | Preis gültig von | Koha-Medientyp |
|---|---|---|---|---|---|---|---|---|---|---|---|---|---|---|
| Andere/Generische Klassifikation | MWN Osteuropa | MWN Osteuropa | Magazin - 2 | 19/04/2010 | 10-00477 | R 62 p Len | E0040150790962CC | 23/02/2021 | 22/03/2021 | Monographien |